ბათუმის შოთა რუსთაველის სახელმწიფო უნივერსიტეტის ბიბლიოთეკა

Илья Несторович Векуа (ბიბ.ჩანაწერი № 48027)

000 -LEADER
fixed length control field 00520nam a2200205Ia 4500
001 - CONTROL NUMBER
control field 14907
003 - CONTROL NUMBER IDENTIFIER
control field GE_BSU
008 - FIXED-LENGTH DATA ELEMENTS--GENERAL INFORMATION
fixed length control field 181216s||||||||xx |||||||||||||| ||und||
040 ## - CATALOGING SOURCE
Transcribing agency GE_BSU
080 ## - UNIVERSAL DECIMAL CLASSIFICATION NUMBER
Universal Decimal Classification number 53(092)
100 ## - MAIN ENTRY--PERSONAL NAME
Personal name Бицадзе,А.В.
245 ## - TITLE STATEMENT
Title Илья Несторович Векуа
260 ## - PUBLICATION, DISTRIBUTION, ETC.
Place of publication, distribution, etc. Москва
260 ## - PUBLICATION, DISTRIBUTION, ETC.
Name of publisher, distributor, etc. Мецниереба
260 ## - PUBLICATION, DISTRIBUTION, ETC.
Date of publication, distribution, etc. 1967
300 ## - PHYSICAL DESCRIPTION
Extent 46стр.
300 ## - PHYSICAL DESCRIPTION
Accompanying material Библиогр. стр.39
653 ## - INDEX TERM--UNCONTROLLED
Uncontrolled term Илья Несторович Векуа
942 ## - ADDED ENTRY ELEMENTS (KOHA)
Koha item type წიგნი
ეგზემპლარები
Withdrawn status Lost status Damaged status Not for loan Date acquired Barcode Date last seen Price effective from Koha item type
        2018-12-17 18236 2018-12-17 2018-12-17 წიგნი